| 000 | 00712nam a22002177a 4500 | ||
|---|---|---|---|
| 003 | dpl | ||
| 005 | 20170707113337.0 | ||
| 008 | 170707b xxu||||| |||| 00| 0 eng d | ||
| 020 |
_c799.00 _a9789332536760 |
||
| 035 | _aB-668133 | ||
| 037 | _bTechniz | ||
| 040 | _cTechniz | ||
| 082 | 1 | 4 | _a648.1 |
| 100 | _aKadolph, Sara J. | ||
| 245 | 1 |
_aTextiles / _cby Sara J. Kadolph |
|
| 260 |
_aNoida _bPearson _c2014 |
||
| 270 |
_aA-8(A), 7th Floor, Knowledge Boulevard, Sector-62 _bNoida _e201309 |
||
| 300 |
_a588p. _c26cm(pbk.) |
||
| 942 |
_adpl _cEN _2ddc _h648.1 _mSHA |
||
| 999 |
_c142358 _d142358 |
||